000 00733nam a2200229 i 4500
001 82240
003 ES-MaACL
005 20251018063054.0
007 t|
008 041202s2004 sp ||||1| spa d
020 _a84-206-5720-4
080 _a821.111(73)-31"19"
100 1 _aFaulkner, William,
_d1897-1962
_9242365
245 1 0 _a¡Absalón, Absalón! /
_cWilliam Faulkner.
250 _a1ª ed. en "Biblioteca de autor".
260 _aMadrid :
_bAlianza Editorial,
_c2004.
300 _a385 p. ;
_c17 cm.
490 1 _aEl libro de bolsillo. Biblioteca de autor ;
_v780
830 0 _aEl libro de bolsillo. Biblioteca de autor ;
_v780
_9183741
852 _aES-MaACL
_jL-28567
_bR.134297
999 _c82240
_d82240